| 000 | 00542nam a2200181Ia 4500 | ||
|---|---|---|---|
| 999 |
_c3275 _d3275 |
||
| 003 | OSt | ||
| 005 | 20200817124440.0 | ||
| 008 | 190216s9999||||xx |||||||||||||| ||und|| | ||
| 020 | _a9788121906005 | ||
| 040 | _coclc | ||
| 082 |
_a546 _bMAL/S |
||
| 100 |
_aMalik, Wahid U _94157 |
||
| 245 | 0 |
_aSelected Topics In Inorganic Chemistry / _cWahid U Malik ; G D Tuli ; R D Madan |
|
| 260 |
_bS Chand & Co, _c1984. _aNew Delhi: |
||
| 300 | _a789p | ||
| 650 | _aChemistry-Chemistry | ||
| 942 |
_cBK _2ddc _h546 _iMAL/S _k546 _mMAL/S |
||